[Event "POL-chT2 South U19"]
[Site "Rudnik"]
[Date "2000.??.??"]
[Round "9.4"]
[White "Kubit, Tomasz"]
[Black "Padewski, Krzysztof"]
[Result "1-0"]
[WhiteElo "2024"]
[BlackElo "1600"]
[PlyCount "49"]
[EventDate "2000.07.20"]
[EventType "team-swiss"]
[EventRounds "10"]
[EventCountry "POL"]
[SourceTitle "EXT 2005"]
[Source "ChessBase"]
[SourceDate "2004.11.15"]
[SourceVersion "1"]
[SourceVersionDate "2004.11.15"]
[SourceQuality "1"]
[WhiteTeam "Gliwice Carbo U19"]
[BlackTeam "Jasien LKS ZPD U19"]
[WhiteTeamCountry "POL"]
[BlackTeamCountry "POL"]

1. e4 d5 2. exd5 Qxd5 3. Nc3 Qa5 4. d4 Nf6 5. Bc4 Bf5 6. Nge2 e6 7. 0-0 c6 8. Ng3 Bg6 9. Qe2 Nbd7 10. a3 Bd6 11. Bd2 Qc7 12. Rfe1 0-0-0 13. Rac1 Rhe8 14. Bd3 Bxd3 15. cxd3 Kb8 16. Nb5 Qb6 17. Nxd6 Re7 18. Bb4 Nd5 19. Nc4 Qxd4 20. Bxe7 Nxe7 21. Qe3 Qg4 22. Ne5 Nxe5 23. Qxe5+ Ka8 24. Qc7 Qd4 25. Qxe7 1-0

[Event "POL-chT2 South U19"]
[Site "Rudnik"]
[Date "2000.??.??"]
[Round "10.4"]
[White "Padewski, Krzysztof"]
[Black "Kopacz, Przemyslaw"]
[Result "0-1"]
[WhiteElo "1600"]
[BlackElo "1800"]
[PlyCount "60"]
[EventDate "2000.07.20"]
[EventType "team-swiss"]
[EventRounds "10"]
[EventCountry "POL"]
[SourceTitle "EXT 2005"]
[Source "ChessBase"]
[SourceDate "2004.11.15"]
[SourceVersion "1"]
[SourceVersionDate "2004.11.15"]
[SourceQuality "1"]
[WhiteTeam "Jasien LKS ZPD U19"]
[BlackTeam "Czarna Czarnovia U19"]
[WhiteTeamCountry "POL"]
[BlackTeamCountry "POL"]

1. e4 c5 2. Nc3 Nc6 3. f4 g6 4. Bc4 e6 5. Nf3 Bg7 6. f5 Nf6 7. fxe6 dxe6 8. 0-0 0-0 9. d3 a6 10. a4 Nd4 11. Bg5 h6 12. Bh4 Nxf3+ 13. Rxf3 g5 14. Be1 Qe7 15. Bd2 Nh7 16. Qe2 Bd7 17. e5 Bc6 18. Rf2 Qd7 19. Ne4 Bxe4 20. Qxe4 Rab8 21. b4 Qd4 22. Qxd4 cxd4 23. Re2 b5 24. axb5 axb5 25. Bb3 Rb7 26. c4 dxc3 27. Bxc3 Rc8 28. Rc2 Nf8 29. d4 Ng6 30. g3 Ne7 0-1